[Event "Королевский Гамбит. Южный Федеральный округ."]
[Date "2025-11-21"]
[Round "6.7"]
[Board "7"]
[White "Дмитрий Алдохин"]
[WhiteElo "970"]
[Black "Дорошенко Мария"]
[BlackElo "972"]
[WebSite "https://www.chessopen.ru"]
[GameId "0d02becb-17c0-4ea5-99b8-0a263095de9e"]
[Result "0-1"]

1. e4 { [%clk 0:09:58] } e5 { [%clk 0:09:59] } 2. Bc4 { [%clk 0:09:58] } Nf6 {
[%clk 0:09:57] } 3. Nc3 { [%clk 0:09:54] } Nc6 { [%clk 0:09:55] } 4. Nf3 {
[%clk 0:09:49] } Bb4 { [%clk 0:09:53] } 5. h4 { [%clk 0:09:46] } Bxc3 { [%clk
0:09:47] } 6. bxc3 { [%clk 0:09:45] } d6 { [%clk 0:09:41] } 7. O-O { [%clk
0:09:34] } Bg4 { [%clk 0:09:40] } 8. d3 { [%clk 0:09:25] } O-O { [%clk 0:09:23]
} 9. Qd2 { [%clk 0:09:16] } Bxf3 { [%clk 0:09:19] } 10. Qg5 { [%clk 0:09:04] }
Qd7 { [%clk 0:09:14] } 11. g4 { [%clk 0:09:01] } h6 { [%clk 0:09:11] } 12. Qe3
{ [%clk 0:08:48] } Qxg4+ { [%clk 0:09:08] } 13. Kh2 { [%clk 0:08:39] } Qg2# {
[%clk 0:09:09] } 0-1

[Event "Королевский Гамбит. Южный Федеральный округ."]
[Date "2025-11-21"]
[Round "6.7"]
[Board "7"]
[White "Саганов Алексей"]
[WhiteElo "990"]
[Black "Ахмедов Эльдар"]
[BlackElo "1038"]
[WebSite "https://www.chessopen.ru"]
[GameId "e0c5e09f-64a7-445d-bccd-0d18555a53b3"]
[Result "0-1"]

1. d4 { [%clk 0:09:55] } d5 { [%clk 0:10:00] } 2. Nc3 { [%clk 0:09:56] } Nc6 {
[%clk 0:10:01] } 3. g3 { [%clk 0:09:50] } Nf6 { [%clk 0:10:01] } 4. Bg2 { [%clk
0:09:48] } Bf5 { [%clk 0:09:53] } 5. Nf3 { [%clk 0:09:28] } e6 { [%clk 0:09:52]
} 6. Nh4 { [%clk 0:09:17] } Bg6 { [%clk 0:09:42] } 7. Nxg6 { [%clk 0:09:14] }
hxg6 { [%clk 0:09:45] } 8. Qd3 { [%clk 0:09:04] } Bb4 { [%clk 0:09:40] } 9. a3
{ [%clk 0:08:38] } Bxc3+ { [%clk 0:09:36] } 10. Qxc3 { [%clk 0:08:34] } Ne4 {
[%clk 0:09:36] } 11. Bxe4 { [%clk 0:08:28] } dxe4 { [%clk 0:09:38] } 12. h4 {
[%clk 0:08:11] } Qd5 { [%clk 0:09:18] } 13. Qc5 { [%clk 0:07:59] } Qxd4 { [%clk
0:09:05] } 14. Qxd4 { [%clk 0:07:56] } Nxd4 { [%clk 0:09:08] } 15. e3 { [%clk
0:07:39] } Nxc2+ { [%clk 0:09:04] } 16. Kd1 { [%clk 0:07:19] } Nxa1 { [%clk
0:09:06] } 17. Re1 { [%clk 0:07:04] } Nb3 { [%clk 0:09:05] } 18. Kc2 { [%clk
0:06:56] } Nxc1 { [%clk 0:09:05] } 19. Rxc1 { [%clk 0:06:57] } Ke7 { [%clk
0:09:06] } 20. Kb1 { [%clk 0:06:54] } Rac8 { [%clk 0:09:05] } 21. Rc4 { [%clk
0:06:45] } Rh5 { [%clk 0:09:04] } 22. Rxe4 { [%clk 0:06:43] } f5 { [%clk
0:09:03] } 23. Rf4 { [%clk 0:06:30] } e5 { [%clk 0:09:03] } 24. Re4 { [%clk
0:06:28] } fxe4 { [%clk 0:08:52] } 0-1

[Event "Королевский Гамбит. Южный Федеральный округ."]
[Date "2025-11-21"]
[Round "6.7"]
[Board "7"]
[White "Синичкина Ксения"]
[WhiteElo "1008"]
[Black "Жураков Всеволод"]
[BlackElo "980"]
[WebSite "https://www.chessopen.ru"]
[GameId "b8fa4d56-0362-4813-9396-19130fad1da4"]
[Result "1-0"]

1. e4 { [%clk 0:10:00] } e5 { [%clk 0:09:59] } 2. Nf3 { [%clk 0:10:01] } Nc6 {
[%clk 0:09:59] } 3. Nc3 { [%clk 0:10:00] } Be7 { [%clk 0:09:56] } 4. Bc4 {
[%clk 0:09:56] } Nf6 { [%clk 0:09:51] } 5. d3 { [%clk 0:09:55] } d6 { [%clk
0:09:51] } 6. Bg5 { [%clk 0:09:55] } h6 { [%clk 0:09:50] } 7. Be3 { [%clk
0:09:51] } Ng4 { [%clk 0:09:47] } 8. O-O { [%clk 0:09:47] } Nxe3 { [%clk
0:09:44] } 9. fxe3 { [%clk 0:09:44] } Bg5 { [%clk 0:09:38] } 10. Nd5 { [%clk
0:09:31] } Be6 { [%clk 0:09:30] } 11. Qe2 { [%clk 0:09:04] } Bxd5 { [%clk
0:09:25] } 12. Bxd5 { [%clk 0:09:00] } Nb4 { [%clk 0:09:19] } 13. Qf2 { [%clk
0:08:45] } c6 { [%clk 0:09:07] } 14. Nxg5 { [%clk 0:08:40] } Qxg5 { [%clk
0:09:06] } 15. Bxf7+ { [%clk 0:08:23] } Ke7 { [%clk 0:09:01] } 16. Bb3 { [%clk
0:07:58] } Rhf8 { [%clk 0:08:58] } 17. Qe2 { [%clk 0:07:56] } d5 { [%clk
0:08:19] } 18. a3 { [%clk 0:07:28] } Na6 { [%clk 0:08:16] } 19. exd5 { [%clk
0:07:28] } cxd5 { [%clk 0:08:15] } 20. Bxd5 { [%clk 0:07:29] } Rad8 { [%clk
0:08:06] } 21. Rxf8 { [%clk 0:07:16] } Rxf8 { [%clk 0:08:03] } 22. Bxb7 { [%clk
0:07:10] } Nc5 { [%clk 0:07:56] } 23. Bf3 { [%clk 0:07:04] } Rb8 { [%clk
0:07:19] } 24. b4 { [%clk 0:06:58] } Na4 { [%clk 0:07:14] } 25. d4 { [%clk
0:06:18] } Nc3 { [%clk 0:07:04] } 26. Qd3 { [%clk 0:06:08] } exd4 { [%clk
0:06:56] } 27. exd4 { [%clk 0:06:06] } Nd5 { [%clk 0:06:51] } 28. Re1+ { [%clk
0:05:58] } Kd6 { [%clk 0:06:48] } 29. c4 { [%clk 0:05:40] } Nf4 { [%clk
0:06:43] } 30. c5+ { [%clk 0:05:31] } Kd7 { [%clk 0:06:39] } 31. Qe4 { [%clk
0:05:21] } Re8 { [%clk 0:06:35] } 32. Qxe8+ { [%clk 0:05:20] } Kc7 { [%clk
0:06:33] } 33. Re7+ { [%clk 0:05:18] } Qxe7 { [%clk 0:06:22] } 34. Qxe7+ {
[%clk 0:05:17] } Kc8 { [%clk 0:06:10] } 35. Qb7+ { [%clk 0:05:09] } Kd8 { [%clk
0:06:06] } 36. Qxa7 { [%clk 0:05:03] } Nd5 { [%clk 0:05:48] } 37. Bxd5 { [%clk
0:04:34] } Ke8 { [%clk 0:02:52] } 38. Be6 { [%clk 0:04:22] } g5 { [%clk
0:01:34] } 39. Qd7+ { [%clk 0:04:18] } Kf8 { [%clk 0:00:11] } 40. Qf7# { [%clk
0:04:17] } 1-0

[Event "Королевский Гамбит. Южный Федеральный округ."]
[Date "2025-11-21"]
[Round "6.8"]
[Board "8"]
[White "Краль Вероника"]
[WhiteElo "1000"]
[Black "Мотина Полина"]
[BlackElo "981"]
[WebSite "https://www.chessopen.ru"]
[GameId "be393ec5-4a71-4882-8013-88c223cdaaec"]
[Result "1-0"]

1. d4 { [%clk 0:10:00] } b6 { [%clk 0:10:00] } 2. Bf4 { [%clk 0:09:59] } g6 {
[%clk 0:09:57] } 3. e3 { [%clk 0:10:00] } Bb7 { [%clk 0:09:56] } 4. Nf3 { [%clk
0:09:56] } d5 { [%clk 0:09:54] } 5. Bd3 { [%clk 0:09:54] } e6 { [%clk 0:09:54]
} 6. c3 { [%clk 0:09:53] } f5 { [%clk 0:09:51] } 7. O-O { [%clk 0:09:40] } c5 {
[%clk 0:09:45] } 8. Nbd2 { [%clk 0:09:38] } Nc6 { [%clk 0:09:44] } 9. Ne5 {
[%clk 0:09:38] } Nxe5 { [%clk 0:09:43] } 10. Bxe5 { [%clk 0:09:38] } Nh6 {
[%clk 0:09:40] } 11. Bxh8 { [%clk 0:09:37] } Bd6 { [%clk 0:09:30] } 12. Nf3 {
[%clk 0:09:29] } Bb8 { [%clk 0:09:29] } 13. Be5 { [%clk 0:09:12] } Ng4 { [%clk
0:09:22] } 14. h3 { [%clk 0:09:00] } Nxe5 { [%clk 0:09:19] } 15. Nxe5 { [%clk
0:09:00] } Qc7 { [%clk 0:09:13] } 16. b4 { [%clk 0:08:39] } cxd4 { [%clk
0:09:13] } 17. cxd4 { [%clk 0:08:29] } b5 { [%clk 0:08:37] } 18. Bxb5+ { [%clk
0:08:23] } Kf8 { [%clk 0:08:34] } 19. Nd7+ { [%clk 0:08:03] } Ke8 { [%clk
0:08:27] } 20. Ne5+ { [%clk 0:07:58] } Kf8 { [%clk 0:08:26] } 21. Nd7+ { [%clk
0:07:56] } Kg7 { [%clk 0:08:23] } 22. Ne5 { [%clk 0:07:53] } a5 { [%clk
0:08:20] } 23. a3 { [%clk 0:07:29] } Ba6 { [%clk 0:08:14] } 24. Bxa6 { [%clk
0:07:14] } Rxa6 { [%clk 0:08:13] } 25. Qd3 { [%clk 0:07:11] } axb4 { [%clk
0:07:54] } 26. Qxa6 { [%clk 0:07:06] } b3 { [%clk 0:07:47] } 27. Qxe6 { [%clk
0:06:40] } Kh6 { [%clk 0:07:38] } 28. Qxd5 { [%clk 0:06:08] } g5 { [%clk
0:07:33] } 29. Qc6+ { [%clk 0:06:04] } Qd6 { [%clk 0:07:18] } 30. Qxd6+ { [%clk
0:05:59] } Bxd6 { [%clk 0:07:18] } 31. Nf7+ { [%clk 0:06:01] } Kg6 { [%clk
0:07:16] } 32. Nxd6 { [%clk 0:06:01] } Kf6 { [%clk 0:07:11] } 33. Rab1 { [%clk
0:06:00] } Ke6 { [%clk 0:07:10] } 34. Rxb3 { [%clk 0:05:58] } Kxd6 { [%clk
0:07:10] } 35. a4 { [%clk 0:05:51] } f4 { [%clk 0:07:06] } 36. exf4 { [%clk
0:05:51] } gxf4 { [%clk 0:07:07] } 37. Rc1 { [%clk 0:05:49] } Kd5 { [%clk
0:07:09] } 38. Rc5+ { [%clk 0:05:48] } Ke4 { [%clk 0:07:10] } 39. Re5+ { [%clk
0:05:46] } Kxd4 { [%clk 0:07:10] } 40. Rh5 { [%clk 0:05:45] } Ke4 { [%clk
0:07:10] } 41. Rxh7 { [%clk 0:05:45] } f3 { [%clk 0:07:08] } 42. gxf3+ { [%clk
0:05:44] } Kf4 { [%clk 0:07:09] } 43. Rh4+ { [%clk 0:05:38] } Kg5 { [%clk
0:07:09] } 44. Rc4 { [%clk 0:05:37] } Kf5 { [%clk 0:07:10] } 45. Rb5+ { [%clk
0:05:37] } Ke6 { [%clk 0:07:11] } 46. Rc6+ { [%clk 0:05:37] } Kd7 { [%clk
0:07:13] } 47. Rh6 { [%clk 0:05:38] } Kc7 { [%clk 0:07:12] } 48. Rg5 { [%clk
0:05:37] } Kd7 { [%clk 0:07:12] } 49. Rg7+ { [%clk 0:05:38] } Ke8 { [%clk
0:07:12] } 50. Rh8# { [%clk 0:05:40] } 1-0

[Event "Королевский Гамбит. Южный Федеральный округ."]
[Date "2025-11-21"]
[Round "6.8"]
[Board "8"]
[White "Мальченко Екатерина"]
[WhiteElo "963"]
[Black "Мережко Татьяна"]
[BlackElo "1011"]
[WebSite "https://www.chessopen.ru"]
[GameId "ff68ae9d-458b-4952-85ba-1df9b92b3554"]
[Result "0-1"]

1. d4 { [%clk 0:09:58] } d6 { [%clk 0:09:59] } 2. Nc3 { [%clk 0:09:52] } Nf6 {
[%clk 0:09:32] } 3. Nf3 { [%clk 0:09:50] } Nc6 { [%clk 0:09:27] } 4. e3 { [%clk
0:09:42] } Bg4 { [%clk 0:09:25] } 5. h3 { [%clk 0:09:42] } Bh5 { [%clk 0:09:26]
} 6. Bb5 { [%clk 0:09:38] } a6 { [%clk 0:09:24] } 7. Bxc6+ { [%clk 0:09:39] }
bxc6 { [%clk 0:09:25] } 8. Ng5 { [%clk 0:09:33] } Bxd1 { [%clk 0:09:24] } 9.
Nxd1 { [%clk 0:09:29] } e6 { [%clk 0:09:22] } 10. Nc3 { [%clk 0:09:32] } d5 {
[%clk 0:09:23] } 11. Nxe6 { [%clk 0:09:23] } fxe6 { [%clk 0:09:20] } 12. e4 {
[%clk 0:09:20] } Nxe4 { [%clk 0:09:20] } 13. Nxe4 { [%clk 0:09:21] } dxe4 {
[%clk 0:09:20] } 14. O-O { [%clk 0:09:15] } Qxd4 { [%clk 0:09:21] } 15. Bf4 {
[%clk 0:09:12] } Bd6 { [%clk 0:09:18] } 16. c3 { [%clk 0:09:15] } Qb6 { [%clk
0:09:15] } 17. Rfd1 { [%clk 0:09:08] } Bxf4 { [%clk 0:09:06] } 18. g3 { [%clk
0:08:54] } Bd6 { [%clk 0:09:01] } 19. b4 { [%clk 0:08:44] } O-O { [%clk
0:09:02] } 20. g4 { [%clk 0:08:32] } Qxf2+ { [%clk 0:09:02] } 21. Kh1 { [%clk
0:08:28] } Qf3+ { [%clk 0:09:03] } 22. Kg1 { [%clk 0:08:25] } Qxh3 { [%clk
0:09:01] } 23. Rd2 { [%clk 0:08:09] } Qxg4+ { [%clk 0:08:57] } 24. Kh1 { [%clk
0:08:07] } Qf3+ { [%clk 0:08:55] } 25. Kg1 { [%clk 0:08:05] } Qe3+ { [%clk
0:08:52] } 26. Rf2 { [%clk 0:08:01] } Qxf2+ { [%clk 0:08:52] } 27. Kh1 { [%clk
0:07:52] } e3 { [%clk 0:08:53] } 28. Rb1 { [%clk 0:07:47] } e2 { [%clk 0:08:54]
} 29. Rc1 { [%clk 0:07:44] } e1=Q+ { [%clk 0:08:51] } 30. Rxe1 { [%clk 0:07:44]
} Qxe1+ { [%clk 0:08:53] } 31. Kg2 { [%clk 0:07:45] } Qg3+ { [%clk 0:08:54] }
32. Kh1 { [%clk 0:07:43] } Rf1# { [%clk 0:08:55] } 0-1

[Event "Королевский Гамбит. Южный Федеральный округ."]
[Date "2025-11-21"]
[Round "6.8"]
[Board "8"]
[White "Недбальская Вера"]
[WhiteElo "993"]
[Black "Нестерова Алёна"]
[BlackElo "1000"]
[WebSite "https://www.chessopen.ru"]
[GameId "1b55d124-1821-4a7b-ada0-2ffed2c8a041"]
[Result "0-1"]

1. e4 { [%clk 0:09:57] } e5 { [%clk 0:09:56] } 2. Nf3 { [%clk 0:09:58] } Nc6 {
[%clk 0:09:55] } 3. Bc4 { [%clk 0:09:58] } h6 { [%clk 0:09:48] } 4. a3 { [%clk
0:09:47] } Nf6 { [%clk 0:09:33] } 5. d3 { [%clk 0:09:47] } Bc5 { [%clk 0:09:32]
} 6. h3 { [%clk 0:09:41] } d6 { [%clk 0:09:24] } 7. c3 { [%clk 0:09:30] } a6 {
[%clk 0:09:23] } 8. b4 { [%clk 0:09:20] } Bb6 { [%clk 0:09:20] } 9. O-O { [%clk
0:09:06] } Be6 { [%clk 0:08:54] } 10. Nbd2 { [%clk 0:08:41] } d5 { [%clk
0:08:51] } 11. exd5 { [%clk 0:08:21] } Bxd5 { [%clk 0:08:46] } 12. Re1 { [%clk
0:08:08] } Bxc4 { [%clk 0:08:06] } 13. Nxc4 { [%clk 0:08:01] } e4 { [%clk
0:07:47] } 14. dxe4 { [%clk 0:07:39] } Qxd1 { [%clk 0:07:41] } 15. Rxd1 { [%clk
0:07:31] } Nxe4 { [%clk 0:07:31] } 16. Be3 { [%clk 0:06:53] } Bxe3 { [%clk
0:07:14] } 17. Nxe3 { [%clk 0:06:48] } Nxc3 { [%clk 0:07:11] } 18. Re1 { [%clk
0:06:35] } O-O { [%clk 0:07:04] } 19. Nf5 { [%clk 0:06:23] } g6 { [%clk
0:06:36] } 20. Nxh6+ { [%clk 0:06:18] } Kh8 { [%clk 0:06:32] } 21. Ng5 { [%clk
0:06:11] } Kg7 { [%clk 0:06:07] } 22. Ng4 { [%clk 0:06:03] } f5 { [%clk
0:05:30] } 23. Ne6+ { [%clk 0:05:54] } Kf7 { [%clk 0:05:22] } 24. Nxf8 { [%clk
0:05:52] } Kxf8 { [%clk 0:05:22] } 25. Nf6 { [%clk 0:05:40] } Kf7 { [%clk
0:05:13] } 26. Nd7 { [%clk 0:05:30] } Rd8 { [%clk 0:05:03] } 27. Ne5+ { [%clk
0:05:26] } Nxe5 { [%clk 0:04:33] } 28. Rxe5 { [%clk 0:05:18] } Kf6 { [%clk
0:04:13] } 29. Rc5 { [%clk 0:05:08] } Ne4 { [%clk 0:03:57] } 30. Rxc7 { [%clk
0:05:01] } b5 { [%clk 0:03:49] } 31. Rc6+ { [%clk 0:04:57] } Kf7 { [%clk
0:03:45] } 32. Rxa6 { [%clk 0:04:52] } Rd2 { [%clk 0:03:36] } 33. Ra7+ { [%clk
0:04:32] } Kf6 { [%clk 0:03:35] } 34. f3 { [%clk 0:04:26] } Nc3 { [%clk
0:02:09] } 35. Ra6+ { [%clk 0:04:18] } Kf7 { [%clk 0:02:07] } 36. Rc6 { [%clk
0:03:55] } Nd5 { [%clk 0:01:47] } 37. Rc5 { [%clk 0:03:33] } Ne3 { [%clk
0:01:38] } 38. Rxb5 { [%clk 0:03:03] } Rxg2+ { [%clk 0:01:35] } 39. Kh1 { [%clk
0:02:59] } Rg3 { [%clk 0:01:29] } 40. Rb7+ { [%clk 0:02:38] } Kf6 { [%clk
0:01:29] } 41. Kh2 { [%clk 0:01:55] } Rxf3 { [%clk 0:01:26] } 42. h4 { [%clk
0:01:13] } Ng4+ { [%clk 0:01:06] } 43. Kg2 { [%clk 0:01:07] } Rf2+ { [%clk
0:01:02] } 44. Kg1 { [%clk 0:01:02] } Rh2 { [%clk 0:00:55] } 45. Rc1 { [%clk
0:00:43] } Rxh4 { [%clk 0:00:53] } 46. Rc4 { [%clk 0:00:25] } Kg5 { [%clk
0:00:52] } 47. b5 { [%clk 0:00:18] } Rh8 { [%clk 0:00:45] } 48. b6 { [%clk
0:00:12] } Ne5 { [%clk 0:00:43] } 49. Rc5 { [%clk 0:00:08] } Nd3 { [%clk
0:00:38] } 0-1

[Event "Королевский Гамбит. Южный Федеральный округ."]
[Date "2025-11-21"]
[Round "6.8"]
[Board "8"]
[White "Пилипчук Алёна"]
[WhiteElo "971"]
[Black "Хомец Оливия"]
[BlackElo "1037"]
[WebSite "https://www.chessopen.ru"]
[GameId "8e8de447-bd78-485d-ad80-02863dfe3bbc"]
[Result "0-1"]

1. e4 { [%clk 0:09:57] } d5 { [%clk 0:09:59] } 2. exd5 { [%clk 0:09:57] } Qd7 {
[%clk 0:10:00] } 3. Nc3 { [%clk 0:09:57] } Nf6 { [%clk 0:09:57] } 4. Nf3 {
[%clk 0:09:54] } Nxd5 { [%clk 0:09:46] } 5. Nxd5 { [%clk 0:09:49] } Qxd5 {
[%clk 0:09:47] } 6. d4 { [%clk 0:09:46] } Qd8 { [%clk 0:09:46] } 7. Bf4 { [%clk
0:09:44] } Nc6 { [%clk 0:09:43] } 8. Bc4 { [%clk 0:09:43] } e6 { [%clk 0:09:40]
} 9. Be3 { [%clk 0:09:34] } Bb4+ { [%clk 0:09:19] } 10. c3 { [%clk 0:09:31] }
Be7 { [%clk 0:09:12] } 11. O-O { [%clk 0:09:31] } Na5 { [%clk 0:08:44] } 12. b4
{ [%clk 0:09:31] } Nxc4 { [%clk 0:08:44] } 13. Qd2 { [%clk 0:08:45] } Nxd2 {
[%clk 0:08:44] } 14. Bxd2 { [%clk 0:08:44] } Bd6 { [%clk 0:08:41] } 15. Rfe1 {
[%clk 0:08:27] } c6 { [%clk 0:08:30] } 16. Re4 { [%clk 0:08:19] } Bc7 { [%clk
0:08:27] } 17. Rg4 { [%clk 0:08:11] } e5 { [%clk 0:08:19] } 18. Rxg7 { [%clk
0:08:07] } e4 { [%clk 0:08:15] } 19. Bg5 { [%clk 0:08:06] } Qd6 { [%clk
0:08:03] } 20. Ne5 { [%clk 0:07:46] } Kf8 { [%clk 0:07:39] } 21. Rxf7+ { [%clk
0:07:28] } Ke8 { [%clk 0:07:24] } 22. Re7+ { [%clk 0:06:45] } Kf8 { [%clk
0:07:10] } 23. g3 { [%clk 0:06:17] } h6 { [%clk 0:06:35] } 24. Nf7 { [%clk
0:06:09] } Qg6 { [%clk 0:05:56] } 25. Nxh8 { [%clk 0:05:30] } Qxg5 { [%clk
0:05:54] } 26. Rxe4 { [%clk 0:05:05] } Bh3 { [%clk 0:05:27] } 27. Rae1 { [%clk
0:04:37] } Qg7 { [%clk 0:05:09] } 28. Rf4+ { [%clk 0:04:27] } Kg8 { [%clk
0:05:02] } 29. Rf7 { [%clk 0:03:45] } Qxh8 { [%clk 0:04:40] } 30. Rxc7 { [%clk
0:03:44] } Qf6 { [%clk 0:04:24] } 31. Re3 { [%clk 0:03:31] } Rf8 { [%clk
0:04:11] } 32. f4 { [%clk 0:02:55] } Qd6 { [%clk 0:03:58] } 33. Rxb7 { [%clk
0:02:37] } Qd5 { [%clk 0:03:40] } 34. Re2 { [%clk 0:02:07] } Qf3 { [%clk
0:03:38] } 35. Rbe7 { [%clk 0:02:00] } Qf1# { [%clk 0:03:35] } 0-1

[Event "Королевский Гамбит. Южный Федеральный округ."]
[Date "2025-11-21"]
[Round "6.8"]
[Board "8"]
[White "Половко Катя"]
[WhiteElo "1037"]
[Black "Харьковская Анна"]
[BlackElo "1017"]
[WebSite "https://www.chessopen.ru"]
[GameId "63fafe5f-23cd-4381-98b9-8ba847d28854"]
[Result "1-0"]

1. d4 { [%clk 0:10:01] } d5 { [%clk 0:10:01] } 2. c4 { [%clk 0:10:02] } e6 {
[%clk 0:09:59] } 3. Nc3 { [%clk 0:10:00] } Nf6 { [%clk 0:09:58] } 4. Nf3 {
[%clk 0:10:00] } Nc6 { [%clk 0:09:47] } 5. e3 { [%clk 0:10:03] } Bb4 { [%clk
0:09:46] } 6. Bd3 { [%clk 0:09:47] } dxc4 { [%clk 0:09:40] } 7. Bxc4 { [%clk
0:09:45] } b6 { [%clk 0:09:16] } 8. Bd2 { [%clk 0:09:37] } Bb7 { [%clk 0:09:08]
} 9. O-O { [%clk 0:09:37] } O-O { [%clk 0:09:08] } 10. a3 { [%clk 0:09:30] }
Bxc3 { [%clk 0:08:55] } 11. Bxc3 { [%clk 0:09:26] } Qd7 { [%clk 0:08:42] } 12.
Qd3 { [%clk 0:09:19] } Rad8 { [%clk 0:08:15] } 13. Bb5 { [%clk 0:09:09] } Nd5 {
[%clk 0:08:01] } 14. Ne5 { [%clk 0:09:01] } Qd6 { [%clk 0:07:50] } 15. Ba4 {
[%clk 0:08:44] } Nxe5 { [%clk 0:07:42] } 16. dxe5 { [%clk 0:08:28] } Qe7 {
[%clk 0:07:34] } 17. Bc2 { [%clk 0:08:25] } Nxc3 { [%clk 0:07:33] } 18. Qxh7# {
[%clk 0:08:23] } 1-0

[Event "Королевский Гамбит. Южный Федеральный округ."]
[Date "2025-11-21"]
[Round "6.9"]
[Board "9"]
[White "Квачёв Егор"]
[WhiteElo "1010"]
[Black "Сушилов Антон"]
[BlackElo "989"]
[WebSite "https://www.chessopen.ru"]
[GameId "1434d80e-f9a8-41b5-9b9a-18e34eba5ddd"]
[Result "0-1"]

1. e4 { [%clk 0:10:00] } e5 { [%clk 0:09:57] } 2. c4 { [%clk 0:10:00] } Nf6 {
[%clk 0:09:53] } 3. Nc3 { [%clk 0:09:49] } Nc6 { [%clk 0:09:45] } 4. b3 { [%clk
0:09:45] } Bc5 { [%clk 0:09:40] } 5. a4 { [%clk 0:09:40] } O-O { [%clk 0:09:39]
} 6. d3 { [%clk 0:09:23] } Bb4 { [%clk 0:09:28] } 7. Qd2 { [%clk 0:09:12] } Nd4
{ [%clk 0:09:06] } 8. f3 { [%clk 0:09:03] } Nxb3 { [%clk 0:09:04] } 9. Qb2 {
[%clk 0:08:52] } Nxa1 { [%clk 0:09:02] } 10. Qxa1 { [%clk 0:08:46] } Bc5 {
[%clk 0:08:57] } 11. Nge2 { [%clk 0:08:36] } d6 { [%clk 0:08:55] } 12. g4 {
[%clk 0:08:35] } h5 { [%clk 0:08:49] } 13. h3 { [%clk 0:08:24] } c6 { [%clk
0:08:40] } 14. Ba3 { [%clk 0:08:12] } Be3 { [%clk 0:08:23] } 15. Bxd6 { [%clk
0:07:51] } Qxd6 { [%clk 0:08:15] } 16. Rh2 { [%clk 0:07:29] } Qxd3 { [%clk
0:08:12] } 17. Nc1 { [%clk 0:07:00] } Qd6 { [%clk 0:07:43] } 18. Re2 { [%clk
0:06:50] } Bf4 { [%clk 0:07:30] } 19. Nb3 { [%clk 0:06:39] } hxg4 { [%clk
0:07:19] } 20. hxg4 { [%clk 0:06:40] } Bg3+ { [%clk 0:07:17] } 21. Rf2 { [%clk
0:06:23] } Bxf2+ { [%clk 0:07:16] } 22. Kxf2 { [%clk 0:06:24] } g5 { [%clk
0:07:02] } 23. Be2 { [%clk 0:06:05] } Be6 { [%clk 0:06:39] } 24. c5 { [%clk
0:06:00] } Qd7 { [%clk 0:06:14] } 25. Nd1 { [%clk 0:05:42] } Bxb3 { [%clk
0:06:11] } 26. Qb2 { [%clk 0:05:31] } Bxa4 { [%clk 0:05:55] } 27. Nc3 { [%clk
0:05:30] } Qd4+ { [%clk 0:05:42] } 28. Kg3 { [%clk 0:05:20] } Qg1+ { [%clk
0:05:32] } 29. Kh3 { [%clk 0:05:17] } Kg7 { [%clk 0:05:27] } 30. Bd1 { [%clk
0:05:10] } Rh8# { [%clk 0:05:16] } 0-1

[Event "Королевский Гамбит. Южный Федеральный округ."]
[Date "2025-11-21"]
[Round "6.9"]
[Board "9"]
[White "Литвинов Егор"]
[WhiteElo "1011"]
[Black "Никишин Глеб"]
[BlackElo "1047"]
[WebSite "https://www.chessopen.ru"]
[GameId "477111f3-bdbf-4802-851f-4b3b0d8a2553"]
[Result "0-1"]

1. e4 { [%clk 0:09:59] } c6 { [%clk 0:09:56] } 2. d4 { [%clk 0:09:59] } d5 {
[%clk 0:09:57] } 3. e5 { [%clk 0:10:01] } Bf5 { [%clk 0:09:50] } 4. h4 { [%clk
0:10:02] } h5 { [%clk 0:09:23] } 5. c4 { [%clk 0:10:01] } e6 { [%clk 0:09:18] }
6. Nc3 { [%clk 0:10:02] } dxc4 { [%clk 0:09:16] } 7. Bxc4 { [%clk 0:10:02] }
Nd7 { [%clk 0:09:16] } 8. Bd3 { [%clk 0:10:03] } Bxd3 { [%clk 0:09:14] } 9.
Qxd3 { [%clk 0:10:05] } Nxe5 { [%clk 0:09:10] } 10. Qe2 { [%clk 0:09:49] } Qxd4
{ [%clk 0:09:06] } 11. Be3 { [%clk 0:09:45] } Qd3 { [%clk 0:09:00] } 12. Rd1 {
[%clk 0:09:36] } Qxe2+ { [%clk 0:08:58] } 13. Ngxe2 { [%clk 0:09:38] } Nf6 {
[%clk 0:08:49] } 14. Ng3 { [%clk 0:09:37] } Bb4 { [%clk 0:08:40] } 15. Bd4 {
[%clk 0:09:29] } Nc4 { [%clk 0:08:36] } 16. Bxf6 { [%clk 0:08:49] } gxf6 {
[%clk 0:08:37] } 17. Ne4 { [%clk 0:08:38] } Nxb2 { [%clk 0:08:34] } 18. Rd2 {
[%clk 0:08:27] } Nc4 { [%clk 0:08:30] } 19. Rd4 { [%clk 0:08:14] } b5 { [%clk
0:07:49] } 20. O-O { [%clk 0:08:08] } f5 { [%clk 0:07:46] } 0-1